000 00768nam a22002057a 4500
999 _c19442
_d19442
003 AR-CdUCM
008 190517b ||||| |||| 00| 0 spa d
040 _aMUNICIPALIDAD PROVINCIAL DEL CUSCO
_cBIBLIOTECA MUNICIPAL DEL CUSCO
082 _a320.92 /
_bH53
100 _aHildebrandt, César
_940769
245 _aCambio de palabras :
_b26 entrevistas /
260 _aLima :
_bMosca Azul,
_c1981.
300 _aXIII,331 páginas ;
_c21 cm.
505 _aContenido: Víctor Raúl Haya de la Torre -- Jorge del Prado -- Aníbal Quijano -- Luis Miró Quesada de la Guerra -- Juan Velasco Alvarado -- Pedro Beltrán Espantoso ...
650 _aPolíticos
_931
650 _aPerú
_935
650 _aEntrevistas
_913760
942 _2ddc
_cLIBROS
945 _aachl
_d2019-05-17